[Event "II Festival A"]
[Site "Fano ITA"]
[Date "2013.08.04"]
[Round "9"]
[White "Solodovnichenko, Yuri"]
[Black "Rindlisbacher, Lars"]
[WhiteElo "2555"]
[BlackElo "2315"]
[Result "1-0"]
[PlyCount "57"]
[EventDate "2013.07.29"]

1. Nf3 c5 2. e4 e6 3. d4 cxd4 4. Nxd4 Nc6 5. Nc3 d6 6. g4 Nge7 7. Be3 a6 8. Nb3
b5 9. f4 Bb7 10. Qe2 Na5 11. Nxa5 Qxa5 12. Qf2 Rc8 13. Bg2 h5 14. g5 d5 15. f5
dxe4 16. fxe6 fxe6 17. O-O Nf5 18. Nxe4 Rxc2 19. Qxc2 Nxe3 20. Rxf8+ Rxf8 21.
Nd6+ Kd7 22. Nxb7 Nxc2 23. Rd1+ Kc7 24. Nxa5 Ne3 25. Rc1+ Kb6 26. b4 Nxg2 27.
Kxg2 Rf5 28. Rc6+ Ka7 29. Rc7+ 1-0

[Event "II Festival A"]
[Site "Fano ITA"]
[Date "2013.08.04"]
[Round "9"]
[White "Stella, Andrea"]
[Black "Bonagura, Stefano"]
[WhiteElo "2447"]
[BlackElo "2165"]
[Result "1/2-1/2"]
[PlyCount "78"]
[EventDate "2013.07.29"]

1. Nf3 d5 2. c4 c6 3. g3 Nf6 4. Bg2 g6 5. b3 Bg7 6. Bb2 O-O 7. O-O Bg4 8. d3
Bxf3 9. Bxf3 e6 10. Nd2 Nbd7 11. Rc1 Qe7 12. Qc2 a5 13. a3 Ne8 14. Bg2 Bxb2 15.
Qxb2 Qf6 16. d4 Nd6 17. e4 dxe4 18. Nxe4 Nxe4 19. Bxe4 Nc5 20. Bc2 Rfd8 21.
Rfd1 Na6 22. Be4 Rd7 23. Rd2 Rad8 24. Rcd1 Nc5 25. Bg2 Na6 26. Qc3 a4 27. b4 c5
28. Qc2 cxb4 29. axb4 Rxd4 30. Rxd4 Rxd4 31. Qxa4 Rxd1+ 32. Qxd1 Nxb4 33. Bxb7
Qc3 34. Qe2 Nd3 35. Bg2 Ne5 36. Bf1 Nf3+ 37. Kg2 Ne1+ 38. Kg1 Nf3+ 39. Kg2 Ne1+
1/2-1/2

[Event "II Festival A"]
[Site "Fano ITA"]
[Date "2013.08.04"]
[Round "9"]
[White "Zakharov, Aleksej"]
[Black "Persson, Andreas"]
[WhiteElo "2331"]
[BlackElo "2167"]
[Result "1/2-1/2"]
[PlyCount "69"]
[EventDate "2013.07.29"]

1. d4 Nf6 2. c4 c5 3. d5 b5 4. cxb5 a6 5. bxa6 g6 6. Nc3 Bxa6 7. Nf3 d6 8. g3
Bg7 9. Bg2 Nbd7 10. Rb1 O-O 11. O-O Qa5 12. Bd2 Bb7 13. Qc2 Qa7 14. e4 Ba6 15.
Rfd1 Ng4 16. b3 c4 17. Be1 cxb3 18. Rxb3 Rfc8 19. h3 Nge5 20. Nxe5 Bxe5 21. Kh2
Bc4 22. Rbb1 Qa3 23. f4 Bxc3 24. Qxc3 Qxc3 25. Bxc3 Bxa2 26. Rbc1 Bb3 27. Rd2
Ra2 28. Rxa2 Bxa2 29. g4 Nb6 30. Bb2 Rxc1 31. Bxc1 f5 32. gxf5 gxf5 33. e5 dxe5
34. fxe5 Bxd5 35. Be3 1/2-1/2

[Event "XVI Festival A"]
[Site "Padova ITA"]
[Date "2013.12.15"]
[Round "1"]
[White "Dappiano, Andrea"]
[Black "Dvirnyy, Danyyil"]
[WhiteElo "2182"]
[BlackElo "2560"]
[Result "0-1"]
[PlyCount "74"]
[EventDate "2013.12.15"]

1. c4 Nf6 2. Nc3 Nc6 3. e4 e5 4. Nf3 Bb4 5. d3 O-O 6. g3 a6 7. Bg2 Bxc3+ 8.
bxc3 b5 9. cxb5 axb5 10. O-O d6 11. Re1 Be6 12. d4 Bxa2 13. d5 Nb8 14. Bg5 Nbd7
15. Bf1 Bc4 16. Bxc4 bxc4 17. Qe2 h6 18. Rxa8 Qxa8 19. Bxf6 Nxf6 20. Qxc4 Rc8
21. Nh4 g6 22. Rb1 Kg7 23. Qb4 Qa6 24. f3 Qd3 25. Rf1 Ra8 26. Rf2 Ra1+ 27. Kg2
Rb1 28. Qa5 Qd1 29. Qa2 Qg1+ 30. Kh3 Nh7 31. f4 exf4 32. gxf4 Nf6 33. Nf5+ Kh7
34. Ng3 Re1 35. Qc2 Nxe4 36. Nxe4 Rxe4 37. Qxe4 Qxf2 0-1

[Event "XVI Festival A"]
[Site "Padova ITA"]
[Date "2013.12.15"]
[Round "1"]
[White "Fregonese, Giulio"]
[Black "Rozentalis, Eduardas"]
[WhiteElo "2200"]
[BlackElo "2622"]
[Result "0-1"]
[PlyCount "68"]
[EventDate "2013.12.15"]

1. e4 e6 2. d4 d5 3. e5 c5 4. c3 Bd7 5. Nf3 Qb6 6. Bd3 cxd4 7. Nxd4 Nc6 8. Nxc6
bxc6 9. Qe2 Ne7 10. Nd2 Ng6 11. Nf3 Be7 12. h4 h6 13. Qc2 Nf8 14. O-O c5 15. b3
Bc6 16. Bf4 Nd7 17. Rfe1 a5 18. Rab1 Qc7 19. Bg3 O-O 20. Qe2 Rfd8 21. Nd2 a4
22. b4 a3 23. b5 Bb7 24. c4 Nb6 25. Rb3 Ra4 26. Rc1 Qd7 27. Rcc3 Rda8 28. Kh2
Qd8 29. Kh3 dxc4 30. Nxc4 Nd5 31. Rc1 Bxh4 32. Qe4 Qg5 33. Rc2 Bxg3 34. fxg3
Ne3 0-1

[Event "XVI Festival A"]
[Site "Padova ITA"]
[Date "2013.12.15"]
[Round "1"]
[White "Georgiev, Kiril D."]
[Black "Massironi, Marco"]
[WhiteElo "2648"]
[BlackElo "2221"]
[Result "1-0"]
[PlyCount "65"]
[EventDate "2013.12.15"]

1. d4 Nf6 2. Nf3 g6 3. Bg5 Ne4 4. Bh4 Bg7 5. e3 c5 6. c3 Qb6 7. Nbd2 d5 8. Qb3
Nxd2 9. Nxd2 Nc6 10. Be2 O-O 11. O-O e5 12. dxc5 Qxc5 13. Rfd1 Be6 14. Rac1 d4
15. Qxb7 Rab8 16. Qa6 dxe3 17. Ne4 Qb6 18. b3 Qxa6 19. Bxa6 exf2+ 20. Kxf2 Bf5
21. Nf6+ Bxf6 22. Bxf6 Rb6 23. Bf1 e4 24. Rd6 Nb8 25. Rcd1 Nd7 26. Bg5 Ne5 27.
Rxb6 axb6 28. Rd6 Re8 29. h3 Nd3+ 30. Ke3 Nc1 31. Rxb6 Nxa2 32. Bf6 Rc8 33. c4
1-0

[Event "XVI Festival A"]
[Site "Padova ITA"]
[Date "2013.12.15"]
[Round "1"]
[White "Godena, Michele"]
[Black "Gallo, Enrico"]
[WhiteElo "2509"]
[BlackElo "2108"]
[Result "1-0"]
[PlyCount "69"]
[EventDate "2013.12.15"]

1. e4 e6 2. d4 d5 3. Nd2 Nf6 4. e5 Nfd7 5. Bd3 c5 6. c3 Nc6 7. Ne2 cxd4 8. cxd4
f6 9. exf6 Nxf6 10. O-O Bd6 11. Nf3 Qc7 12. Bg5 O-O 13. Bh4 Nh5 14. Qc2 h6 15.
Bh7+ Kh8 16. Bg6 Rxf3 17. Bxh5 Rf5 18. Bg6 Rf8 19. Bg3 Bd7 20. Qd2 Bxg3 21.
hxg3 Qd6 22. Bc2 Nb4 23. Nf4 Be8 24. Rfe1 Rf6 25. a3 Nxc2 26. Qxc2 Qd7 27. Rac1
g5 28. Nd3 Bg6 29. Ne5 Qg7 30. Qc7 Rg8 31. Qxg7+ Rxg7 32. Rc8+ Kh7 33. Ng4 Rff7
34. Rxe6 h5 35. Nf6+ 1-0

[Event "XVI Festival A"]
[Site "Padova ITA"]
[Date "2013.12.15"]
[Round "1"]
[White "Lantini, Marco"]
[Black "Laketic, Gojko"]
[WhiteElo "2089"]
[BlackElo "2447"]
[Result "0-1"]
[PlyCount "230"]
[EventDate "2013.12.15"]

1. d4 Nf6 2. c4 c6 3. Nf3 d5 4. e3 Bf5 5. Bd3 e6 6. Bxf5 exf5 7. cxd5 Nxd5 8.
O-O Nd7 9. Nc3 N7f6 10. Qd3 g6 11. Bd2 Be7 12. Rad1 O-O 13. Qc4 Bd6 14. Nxd5
cxd5 15. Qb3 Qb6 16. Qxb6 axb6 17. a3 Ne4 18. Rc1 f4 19. g3 fxg3 20. hxg3 Rfc8
21. Rfd1 f6 22. Be1 Kf7 23. Nd2 f5 24. Nb1 Ke6 25. Kg2 Rc6 26. f3 Nf6 27. Nc3
Rac8 28. Ne2 Rc2 29. Rxc2 Rxc2 30. Rd2 Rc4 31. Rd3 Rc2 32. Rd2 Rc6 33. Rd3 g5
34. Bc3 h5 35. Be1 Rc2 36. Rd2 Rc6 37. Nc3 g4 38. Rd3 Rc8 39. Ne2 Rc2 40. Rd2
Rc6 41. Rd3 Rc8 42. Rc3 Rc6 43. Rd3 Kd7 44. Nc3 Bc7 45. Rd2 Re6 46. Rd3 Re8 47.
Nb5 Bb8 48. Nc3 Rg8 49. Ne2 Rg6 50. Rb3 Bc7 51. f4 Rg8 52. Nc1 Ne4 53. Ne2 Rc8
54. Nc3 Nf6 55. Rb5 Kc6 56. Rb3 Bd8 57. Nb5 Kd7 58. Nc3 Rc4 59. Kf2 Kc6 60. Ke2
Be7 61. Kd3 Ne8 62. Ne2 Nc7 63. Nc3 b5 64. Ne2 Na6 65. Rc3 Nc7 66. a4 Bb4 67.
axb5+ Nxb5 68. b3 Rxc3+ 69. Bxc3 Be7 70. Be1 Bd8 71. Bd2 Nd6 72. Be1 Ne4 73.
Nc1 Be7 74. Ke2 Kb5 75. Nd3 Bd6 76. Kf1 b6 77. Ke2 Kc6 78. Kf1 Kd7 79. Kg2 Ke6
80. Kf1 Be7 81. Kg2 Bd8 82. Nb4 Bf6 83. Nd3 Nd6 84. Kf1 Nb5 85. Ke2 Na7 86. Kd2
Nc6 87. Kc2 Be7 88. Kd1 Bd8 89. Ke2 Ne7 90. Ne5 Bc7 91. Nd3 Ng6 92. Kf1 Bd8 93.
Ke2 Ne7 94. Ne5 Ng8 95. Nd3 Nf6 96. Nf2 Be7 97. Kd3 Kd7 98. Ke2 Kc6 99. Nd3 Bd6
100. Kf1 Kb5 101. Ke2 Ng8 102. Bc3 Ne7 103. Be1 Nc6 104. Nb2 Bb4 105. Bf2 Na5
106. Nd3 Nxb3 107. Ne5 Na5 108. Ng6 Nc6 109. Kd3 Ne7 110. Nf8 Kc6 111. Ne6 Nc8
112. Ng7 Nd6 113. Ke2 Kd7 114. Nxh5 Ke7 115. Ng7 Kf7 0-1

[Event "XVI Festival A"]
[Site "Padova ITA"]
[Date "2013.12.15"]
[Round "1"]
[White "Parrella, Alfredo"]
[Black "Lazic, Miroljub"]
[WhiteElo "2103"]
[BlackElo "2461"]
[Result "0-1"]
[PlyCount "68"]
[EventDate "2013.12.15"]

1. c4 e5 2. g3 Nc6 3. Nc3 g6 4. Bg2 Bg7 5. e4 d6 6. Nge2 Be6 7. d3 Qd7 8. Nd5
Nce7 9. d4 c6 10. Nxe7 Nxe7 11. d5 Bh3 12. O-O h5 13. Bxh3 Qxh3 14. Kh1 h4 15.
Ng1 Qd7 16. g4 b5 17. b3 c5 18. cxb5 Qxb5 19. Be3 f5 20. f3 h3 21. Qd2 Kd7 22.
Ne2 Raf8 23. Bg5 Bf6 24. Be3 Rf7 25. Nc3 Qa6 26. Qe2 Qxe2 27. Nxe2 Nc8 28. Nc3
Bd8 29. Bd2 Ba5 30. Rad1 Rhf8 31. Nb1 Bxd2 32. Nxd2 fxg4 33. fxg4 Rf2 34. a4
Rxd2 0-1

[Event "XVI Festival A"]
[Site "Padova ITA"]
[Date "2013.12.15"]
[Round "1"]
[White "Rombaldoni, Denis"]
[Black "Cardili, Mariano"]
[WhiteElo "2462"]
[BlackElo "2106"]
[Result "1-0"]
[PlyCount "63"]
[EventDate "2013.12.15"]

1. d4 d5 2. Bf4 Nf6 3. e3 c5 4. c3 Nc6 5. Nf3 Qb6 6. Qc2 Bg4 7. Nbd2 Rc8 8.
dxc5 Qxc5 9. Ne5 e6 10. Qb3 Qb6 11. Nxg4 Nxg4 12. Qxb6 axb6 13. Be2 Nf6 14. g4
h5 15. g5 Ng8 16. h4 Nge7 17. Bd3 g6 18. Bd6 Bg7 19. e4 O-O 20. exd5 exd5 21.
f4 Rfd8 22. Ba3 Ra8 23. Rc1 Re8 24. Kf2 Nf5 25. Bxf5 gxf5 26. Rh3 Ra4 27. Rf3
d4 28. c4 Nb4 29. Bxb4 Rxb4 30. b3 Ra8 31. a4 Rc8 32. Re1 1-0

[Event "XVI Festival A"]
[Site "Padova ITA"]
[Date "2013.12.15"]
[Round "1"]
[White "Santolini, Luigi"]
[Black "Rombaldoni, Axel"]
[WhiteElo "2122"]
[BlackElo "2527"]
[Result "0-1"]
[PlyCount "122"]
[EventDate "2013.12.15"]

1. d4 e6 2. c4 Bb4+ 3. Bd2 Qe7 4. Nf3 Nf6 5. Nc3 b6 6. g3 Bb7 7. Bg2 O-O 8. O-O
d6 9. a3 Bxc3 10. Bxc3 Ne4 11. Qc2 Nxc3 12. Qxc3 Nd7 13. Rfd1 Rfe8 14. Rac1 c5
15. Nh4 Rab8 16. Bxb7 Rxb7 17. Ng2 Rc8 18. Qd3 Qf6 19. Ne3 h5 20. b4 cxb4 21.
axb4 Rbc7 22. b5 h4 23. Ra1 Qg5 24. Qe4 h3 25. Qf4 Qxf4 26. gxf4 g6 27. Ra3 Nf6
28. d5 exd5 29. Nxd5 Nxd5 30. Rxd5 Rxc4 31. Rxh3 Rxf4 32. Rxd6 Rc2 33. Rd8+ Kg7
34. Re8 Rf5 35. Re7 Ra2 36. Kg2 Rxb5 37. Rf3 Rg5+ 38. Kh3 Rf5 39. Rxf5 gxf5 40.
Kg3 b5 41. Rb7 a6 42. e3 Ra4 43. f3 b4 44. Kf4 a5 45. Kxf5 Ra3 46. Ke4 b3 47.
Kd3 a4 48. Kc3 Ra2 49. Rb4 Rc2+ 50. Kd3 Ra2 51. Kc3 Kg6 52. h4 Kh5 53. f4 Kxh4
54. e4 Kg4 55. e5 Kf5 56. Rb7 Ke4 57. f5 Kxe5 58. Re7+ Kf6 59. Rb7 Kg5 60. Rxf7
Rc2+ 61. Kd3 Rc1 0-1

[Event "XVI Festival A"]
[Site "Padova ITA"]
[Date "2013.12.15"]
[Round "1"]
[White "Solodovnichenko, Yuri"]
[Black "Seyfried, Claus"]
[WhiteElo "2586"]
[BlackElo "2190"]
[Result "1-0"]
[PlyCount "127"]
[EventDate "2013.12.15"]

1. g3 d5 2. Bg2 c6 3. d3 e5 4. Nf3 Bd6 5. O-O Nf6 6. Nc3 O-O 7. e4 Nbd7 8. Nh4
Nb6 9. h3 dxe4 10. dxe4 Be6 11. Qf3 Re8 12. Rd1 Qc7 13. g4 Bf8 14. b3 a5 15. a4
Nfd7 16. Nf5 Rad8 17. Qg3 Nc5 18. Be3 Bc8 19. Rxd8 Rxd8 20. g5 Ne6 21. Ne2 Nd7
22. Rd1 b6 23. h4 Ba6 24. Bf1 Ndc5 25. Rxd8 Nxd8 26. f3 Nce6 27. h5 Bxe2 28.
Bxe2 Nf4 29. Bf1 Nxh5 30. Qf2 c5 31. Bc4 Qd7 32. Qd2 Qxd2 33. Bxd2 Ne6 34. Bxe6
fxe6 35. Ne3 Bd6 36. Nc4 Bc7 37. Bc3 Nf4 38. Bxe5 Bxe5 39. Nxe5 Ne2+ 40. Kf2
Nd4 41. c3 Nxb3 42. Ke3 h6 43. f4 Kf8 44. Nd7+ Kf7 45. gxh6 gxh6 46. Nxb6 Kg6
47. Nc4 Kh5 48. Kf3 Kg6 49. Ke3 h5 50. Kf3 Kf6 51. Kg2 Kg6 52. Kh3 Kg7 53. Kh4
Kh6 54. f5 exf5 55. exf5 Nc1 56. Nxa5 Ne2 57. Nb7 c4 58. a5 Nxc3 59. Nd6 Na4
60. Nxc4 Nc5 61. Nd6 Kg7 62. Kxh5 Kf6 63. Ne4+ Nxe4 64. a6 1-0

[Event "XVI Festival A"]
[Site "Padova ITA"]
[Date "2013.12.16"]
[Round "2"]
[White "Aghayev, Miragha"]
[Black "Godena, Michele"]
[WhiteElo "2350"]
[BlackElo "2509"]
[Result "1/2-1/2"]
[PlyCount "28"]
[EventDate "2013.12.15"]

1. d4 d5 2. Nf3 Nf6 3. c4 c6 4. e3 Bg4 5. Qb3 Qc7 6. Ne5 Be6 7. Nc3 Nbd7 8.
Nxd7 Qxd7 9. Bd2 dxc4 10. Bxc4 Bxc4 11. Qxc4 Rd8 12. O-O e6 13. Rfd1 Be7 14. a4
O-O 1/2-1/2

[Event "XVI Festival A"]
[Site "Padova ITA"]
[Date "2013.12.16"]
[Round "2"]
[White "Borgo, Giulio"]
[Black "Solodovnichenko, Yuri"]
[WhiteElo "2369"]
[BlackElo "2586"]
[Result "0-1"]
[PlyCount "76"]
[EventDate "2013.12.15"]

1. c4 e5 2. Nc3 d6 3. d4 exd4 4. Qxd4 Nc6 5. Qd2 Nf6 6. b3 a5 7. Bb2 a4 8. Nd5
Be7 9. g3 a3 10. Bxf6 Bxf6 11. Rd1 O-O 12. Bg2 Na5 13. Qc2 g6 14. e4 Bg7 15.
Ne2 Bg4 16. f3 Bd7 17. O-O c6 18. Ndf4 Qc7 19. Nd3 b6 20. f4 Rfe8 21. Nf2 Rad8
22. b4 Nb7 23. Qb3 c5 24. b5 Be6 25. Qd3 Na5 26. Rc1 f5 27. exf5 Bxf5 28. Bd5+
Kh8 29. Qf3 Bb2 30. Rce1 Qg7 31. g4 Be6 32. Bxe6 Rxe6 33. f5 gxf5 34. Nf4 Rxe1
35. Rxe1 fxg4 36. Qd5 g3 37. hxg3 Qxg3+ 38. Ng2 Bd4 0-1

[Event "XVI Festival A"]
[Site "Padova ITA"]
[Date "2013.12.16"]
[Round "2"]
[White "Boscolo, Federico"]
[Black "Rombaldoni, Denis"]
[WhiteElo "2295"]
[BlackElo "2462"]
[Result "0-1"]
[PlyCount "80"]
[EventDate "2013.12.15"]

1. e4 c6 2. d4 d5 3. e5 Bf5 4. Nc3 a6 5. Nge2 h5 6. Ng3 Bg4 7. Be2 Bxe2 8.
Ncxe2 h4 9. Nf1 e6 10. Ne3 Ne7 11. O-O c5 12. c3 cxd4 13. cxd4 Nec6 14. h3 Nd7
15. Ng4 Be7 16. Be3 Rc8 17. Nh2 b5 18. Nf4 b4 19. Qg4 Kf8 20. Rac1 Nb6 21. b3
Na7 22. Rxc8 Qxc8 23. Nf3 Nb5 24. Nh5 g6 25. Nf6 Kg7 26. Nxh4 Qd8 27. Nf3 Bxf6
28. exf6+ Qxf6 29. Bg5 Qf5 30. Qg3 Nd7 31. Be7 a5 32. Ne5 Nxd4 33. Re1 Nxe5 34.
Rxe5 Rxh3 35. gxh3 Nf3+ 36. Kg2 Nxe5 37. Bd8 Qe4+ 38. Kf1 Qb1+ 39. Kg2 Qe4+ 40.
Kf1 Nc6 0-1

[Event "XVI Festival A"]
[Site "Padova ITA"]
[Date "2013.12.16"]
[Round "2"]
[White "Laketic, Gojko"]
[Black "Del Monaco, Andrea"]
[WhiteElo "2447"]
[BlackElo "2295"]
[Result "0-1"]
[PlyCount "120"]
[EventDate "2013.12.15"]

1. d4 Nf6 2. Nf3 g6 3. c4 c5 4. d5 d6 5. Nc3 Bg7 6. e4 O-O 7. Be2 e6 8. O-O
exd5 9. cxd5 Bg4 10. Re1 Nbd7 11. Bf4 Bxf3 12. Bxf3 Ne8 13. Be2 a6 14. a4 Qa5
15. Bf1 Rc8 16. Bd2 c4 17. Qc2 Qd8 18. a5 Nef6 19. Ra4 Ng4 20. Nd1 Qh4 21. h3
Nge5 22. Ra3 f5 23. exf5 Rxf5 24. Re4 Qd8 25. Ne3 Rf8 26. Nxc4 Nf6 27. Re1 Qc7
28. Rc1 Qf7 29. Qd1 Ne4 30. Qe1 Nxc4 31. Rxc4 Rxc4 32. Bxc4 Qxf2+ 33. Qxf2 Rxf2
34. Be3 Rxb2 35. Rb3 Rxb3 36. Bxb3 Bc3 37. Bb6 Bb4 38. Bc7 Kf7 39. Bc2 Nc3 40.
Bb3 Nb5 41. Bd8 Ke8 42. Bb6 Bc5+ 43. Bxc5 dxc5 44. Kf2 Ke7 45. Ke3 Kd6 46. Kf4
Nd4 47. Bc4 h6 48. Bd3 Nf5 49. Bc4 Ne7 50. Ke4 Ng8 51. Bd3 Nf6+ 52. Kf3 g5 53.
Bc4 Nxd5 54. Ke4 Ne7 55. Bf1 Nc6 56. Kf5 Ne5 57. Ke4 c4 58. Kd4 Nc6+ 59. Kxc4
Nxa5+ 60. Kd4 Nb3+ 0-1

[Event "XVI Festival A"]
[Site "Padova ITA"]
[Date "2013.12.16"]
[Round "2"]
[White "Lazic, Miroljub"]
[Black "Sibilio, Mario"]
[WhiteElo "2461"]
[BlackElo "2314"]
[Result "1/2-1/2"]
[PlyCount "81"]
[EventDate "2013.12.15"]

1. g3 f5 2. Bg2 Nf6 3. c4 e6 4. Nc3 Bb4 5. Qc2 c6 6. a3 Ba5 7. d3 O-O 8. Nf3 d6
9. O-O e5 10. c5 Bc7 11. cxd6 Bxd6 12. b4 Kh8 13. Bb2 Qe8 14. Nd1 Nbd7 15. e4
fxe4 16. dxe4 a5 17. Ne3 axb4 18. axb4 Rxa1 19. Bxa1 Nb6 20. Rd1 Qe7 21. b5 Ng4
22. bxc6 bxc6 23. Qxc6 Nxe3 24. fxe3 Bc5 25. Bxe5 Bb7 26. Qc7 Bxe3+ 27. Kh1
Qxc7 28. Bxc7 Bxe4 29. Ne5 Bxg2+ 30. Kxg2 Kg8 31. Rd6 Re8 32. Ng4 Nc8 33. Rd7
Bc5 34. Be5 Be7 35. Ne3 Kf7 36. Rb7 g6 37. Nd5 Rd8 38. Ne3 Ke6 39. Bg7 Rd2+ 40.
Kh1 Nd6 41. Rb2 1/2-1/2

[Event "XVI Festival A"]
[Site "Padova ITA"]
[Date "2013.12.16"]
[Round "2"]
[White "Rombaldoni, Axel"]
[Black "Fierro Baquero, Martha Lorena"]
[WhiteElo "2527"]
[BlackElo "2364"]
[Result "1-0"]
[PlyCount "105"]
[EventDate "2013.12.15"]

1. d4 Nf6 2. Bg5 d6 3. Bxf6 exf6 4. g3 g6 5. Bg2 f5 6. c4 Bg7 7. Nc3 O-O 8. e3
c6 9. Nge2 Nd7 10. O-O Nf6 11. b4 Re8 12. Qd3 Qe7 13. c5 Bd7 14. Rac1 Rad8 15.
Rfd1 Bc8 16. cxd6 Rxd6 17. Qb1 a6 18. a4 Bh6 19. Re1 Ng4 20. Nf4 Bxf4 21. exf4
Qd8 22. Rxe8+ Qxe8 23. d5 Bd7 24. b5 cxb5 25. Qb4 Qf8 26. axb5 Rb6 27. Qd4 Qd6
28. bxa6 bxa6 29. h3 Nf6 30. Qe5 a5 31. Ra1 Qb4 32. Rb1 Qd6 33. Rxb6 Qxb6 34.
d6 Ne8 35. Nd5 Qxd6 36. Qxd6 Nxd6 37. Nf6+ Kg7 38. Nxd7 a4 39. Bd5 Nb5 40. Nc5
Nc3 41. Bc4 Kf6 42. Kf1 Ke7 43. Ke1 Kd6 44. Nd3 f6 45. Bg8 a3 46. Nc1 Ke7 47.
Nb3 h6 48. Na1 g5 49. Nc2 a2 50. Kd2 Ne4+ 51. Ke3 gxf4+ 52. gxf4 Nc3 53. f3 1-0

[Event "XVI Festival A"]
[Site "Padova ITA"]
[Date "2013.12.16"]
[Round "2"]
[White "Rossi, Carlo"]
[Black "Stella, Andrea"]
[WhiteElo "2285"]
[BlackElo "2454"]
[Result "1-0"]
[PlyCount "79"]
[EventDate "2013.12.15"]

1. d4 Nf6 2. g4 Nxg4 3. e4 d5 4. Be2 h5 5. exd5 Qxd5 6. Nf3 g6 7. Nc3 Qd8 8.
Bg5 Bg7 9. Qd2 c6 10. h3 Nh6 11. O-O-O Nf5 12. Kb1 Be6 13. Rhe1 Qa5 14. Bd3 O-O
15. Rxe6 fxe6 16. Bc4 Na6 17. Bxe6+ Kh8 18. Bf4 Rad8 19. Be5 Bxe5 20. Nxe5 Qxe5
21. dxe5 Rxd2 22. Rxd2 Nc5 23. Bxf5 Rxf5 24. b4 Na6 25. Rd7 Nxb4 26. Rxb7 a5
27. Rxe7 Rxf2 28. Ne4 Rf1+ 29. Kb2 Nd5 30. Ra7 Re1 31. Ng5 Kg8 32. e6 h4 33. c4
Ne3 34. Kb3 Nf5 35. Ka4 Re2 36. a3 Rg2 37. Ne4 Kf8 38. Nf6 Nd6 39. e7+ Kf7 40.
e8=Q+ 1-0

[Event "XVI Festival A"]
[Site "Padova ITA"]
[Date "2013.12.16"]
[Round "2"]
[White "Rozentalis, Eduardas"]
[Black "Manca, Federico"]
[WhiteElo "2622"]
[BlackElo "2402"]
[Result "1/2-1/2"]
[PlyCount "94"]
[EventDate "2013.12.15"]

1. e4 c5 2. Nf3 g6 3. g3 Bg7 4. Bg2 Nc6 5. O-O e5 6. Nc3 Nge7 7. d3 d6 8. Nh4
O-O 9. f4 exf4 10. Bxf4 Be6 11. Qd2 d5 12. Bh6 d4 13. Ne2 Ne5 14. h3 N7c6 15.
Nf5 gxf5 16. exf5 Bd7 17. f6 Bxf6 18. Bxf8 Bg5 19. Nf4 Qxf8 20. Qf2 Qg7 21.
Rae1 Rf8 22. a3 Kh8 23. b4 cxb4 24. axb4 Ng6 25. Nd5 Be6 26. Nf4 Bxf4 27. gxf4
Rg8 28. Re2 Bd5 29. Qg3 Bxg2 30. Rxg2 Qf6 31. b5 Nce7 32. Qg5 Qxg5 33. fxg5 Kg7
34. Rgf2 Ne5 35. Re1 N7g6 36. Rf5 Re8 37. Re4 Rc8 38. h4 Rxc2 39. h5 Rc1+ 40.
Kg2 Rc2+ 41. Kg3 Nxd3 42. hxg6 hxg6 43. Rf3 Nc5 44. Re7 Kg8 45. Re8+ Kg7 46.
Re7 Kg8 47. Re8+ Kg7 1/2-1/2

[Event "XVI Festival A"]
[Site "Padova ITA"]
[Date "2013.12.16"]
[Round "2"]
[White "Valsecchi, Alessio"]
[Black "De Santis, Alessio"]
[WhiteElo "2428"]
[BlackElo "2282"]
[Result "1-0"]
[PlyCount "105"]
[EventDate "2013.12.15"]

1. Nf3 Nf6 2. c4 Nc6 3. d4 d6 4. Nc3 g6 5. h3 Bg7 6. e4 O-O 7. Bg5 h6 8. Be3 e5
9. d5 Nd4 10. Nxd4 exd4 11. Bxd4 Nxe4 12. Nxe4 Re8 13. f3 f5 14. Bxg7 Kxg7 15.
Qd4+ Kg8 16. O-O-O fxe4 17. fxe4 Qg5+ 18. Rd2 Re5 19. Bd3 Bd7 20. Rf1 a6 21.
Qf2 Qe7 22. Qf6 Qxf6 23. Rxf6 Kg7 24. Rdf2 Be8 25. Kd2 Rd8 26. Ke3 Rd7 27. b4
Rde7 28. Kd4 Bd7 29. R6f3 b6 30. Rf4 h5 31. a3 a5 32. bxa5 bxa5 33. c5 dxc5+
34. Kxc5 c6 35. Kd4 cxd5 36. exd5 Bf5 37. d6 R7e6 38. d7 Rd6+ 39. Kxe5 Rxd3 40.
Rxf5 gxf5 41. Ke6 Re3+ 42. Kxf5 Rd3 43. Ke6 Re3+ 44. Kd6 Rd3+ 45. Kc7 Rc3+ 46.
Kd8 a4 47. Rf3 Rc4 48. g3 Rc2 49. Rf4 Rc3 50. Rxa4 Rxg3 51. Ra6 Kf7 52. Kc7
Rc3+ 53. Rc6 1-0

[Event "XVI Festival A"]
[Site "Padova ITA"]
[Date "2013.12.16"]
[Round "2"]
[White "Xia, Jie"]
[Black "Kovacevic, Blazimir"]
[WhiteElo "2280"]
[BlackElo "2437"]
[Result "0-1"]
[PlyCount "76"]
[EventDate "2013.12.15"]

1. d4 e6 2. Nf3 f5 3. c4 Nf6 4. g3 Bb4+ 5. Bd2 Bxd2+ 6. Nbxd2 O-O 7. Bg2 d6 8.
O-O Qe7 9. Qc2 e5 10. e4 fxe4 11. Nxe4 Nc6 12. dxe5 dxe5 13. Nc3 Bg4 14. Nd5
Qf7 15. Ng5 Qh5 16. f4 exf4 17. gxf4 Nd4 18. Qf2 c5 19. Rae1 Be2 20. Kh1 Bxf1
21. Qxf1 Kh8 22. Ne6 Nxe6 23. Rxe6 Rae8 24. Bf3 Qf7 25. Rxe8 Rxe8 26. Qd1 Nxd5
27. cxd5 Qxf4 28. Kg2 Qd4 29. Qc2 g6 30. Qb3 Re7 31. Qa3 Kg7 32. Qxa7 Qxb2+ 33.
Kg3 Qe5+ 34. Kg2 Qb2+ 35. Kg3 Qd4 36. Kg2 Rf7 37. Qb8 Qd2+ 38. Kg3 Qe3 0-1

[Event "XVI Festival A"]
[Site "Padova ITA"]
[Date "2013.12.17"]
[Round "3"]
[White "Brunello, Marina"]
[Black "Rozentalis, Eduardas"]
[WhiteElo "2259"]
[BlackElo "2622"]
[Result "0-1"]
[PlyCount "80"]
[EventDate "2013.12.15"]

1. e4 Nf6 2. e5 Nd5 3. c4 Nb6 4. c5 Nd5 5. Nc3 c6 6. Qb3 Nxc3 7. Qxc3 d5 8.
cxd6 exd6 9. exd6 Qxd6 10. Nf3 Nd7 11. Bc4 Nb6 12. Bb3 Be6 13. Bxe6 Qxe6+ 14.
Qe3 Qe7 15. O-O Nd5 16. Qd4 Qf6 17. Qa4 Be7 18. d4 h6 19. b3 a5 20. Qc4 O-O 21.
Bd2 Bb4 22. Rad1 Rfe8 23. Ne5 Re6 24. Qd3 Rd8 25. f4 Ree8 26. Ng4 Qd6 27. f5
Bxd2 28. Rxd2 Nf6 29. Ne3 Qc7 30. Nc2 Re4 31. Qf3 Rde8 32. Na3 b5 33. Nc2 Nd5
34. Rc1 Qe7 35. Rcd1 Qg5 36. Rf2 h5 37. Rdf1 h4 38. h3 Nf4 39. Kh2 Ne2 40. Rd1
Rf4 0-1

[Event "XVI Festival A"]
[Site "Padova ITA"]
[Date "2013.12.17"]
[Round "3"]
[White "Caprio, Guido"]
[Black "Aghayev, Miragha"]
[WhiteElo "2423"]
[BlackElo "2350"]
[Result "1-0"]
[PlyCount "123"]
[EventDate "2013.12.15"]

1. d4 Nf6 2. c4 g6 3. Nf3 Bg7 4. e3 O-O 5. Be2 d5 6. cxd5 Nxd5 7. O-O c5 8. e4
Nb6 9. dxc5 Qxd1 10. Rxd1 Na4 11. Nd4 Rd8 12. Nc3 Rxd4 13. Nxa4 Nc6 14. Nc3
Rxd1+ 15. Bxd1 Be6 16. Be3 Rc8 17. Rb1 Nb4 18. a3 Nd3 19. Nd5 Bxd5 20. exd5
Nxb2 21. Be2 f5 22. g3 Kf7 23. Bc1 Na4 24. Rxb7 Nxc5 25. Rxa7 Ne4 26. Be3 Be5
27. a4 Nc3 28. Ba6 Rc7 29. Rxc7 Bxc7 30. Bc4 Kf8 31. Bd2 Ne4 32. Bb4 Bb6 33.
Be1 Ke8 34. Kf1 Kd7 35. f3 Nd6 36. Ba6 Kc7 37. Ke2 Bg1 38. Ba5+ Bb6 39. Bb4 Bg1
40. Kf1 Bd4 41. Ke2 Bg1 42. h3 h5 43. Bd3 Bd4 44. f4 Bf6 45. Kf3 Nc8 46. Bc2
Nd6 47. g4 hxg4+ 48. hxg4 Bd4 49. gxf5 gxf5 50. Bxf5 Nxf5 51. Ke4 e6 52. dxe6
Ng7 53. Kd5 Bf6 54. Bd6+ Kb6 55. Be5 Nh5 56. f5 Be7 57. Bd6 Bg5 58. Be5 Be7 59.
a5+ Kb7 60. Ke4 Bd8 61. Kf3 Bxa5 62. e7 1-0

[Event "XVI Festival A"]
[Site "Padova ITA"]
[Date "2013.12.17"]
[Round "3"]
[White "Del Monaco, Andrea"]
[Black "Rombaldoni, Axel"]
[WhiteElo "2295"]
[BlackElo "2527"]
[Result "0-1"]
[PlyCount "64"]
[EventDate "2013.12.15"]

1. Nf3 c5 2. c4 b6 3. g3 Bb7 4. Bg2 Nf6 5. O-O e6 6. Nc3 Be7 7. d4 cxd4 8. Qxd4
Nc6 9. Qf4 O-O 10. Rd1 Qc8 11. b3 Rd8 12. Bb2 d6 13. Rac1 Bf8 14. Nd5 Nd7 15.
Ng5 Nde5 16. Bh3 h6 17. Nxf7 Nxf7 18. Nf6+ Kh8 19. Nh7 Nce5 20. Nxf8 Rxf8 21.
Rxd6 Nxd6 22. Qxe5 Ne8 23. c5 bxc5 24. Qe3 Nf6 25. Rxc5 Qd7 26. f3 Rad8 27. Bc3
Qd1+ 28. Kg2 Ba6 29. Re5 Rc8 30. Rxe6 Bxe2 31. Kf2 Ng4+ 32. Bxg4 Qf1# 0-1